| 000 | 00545nam a2200217 a 4500 | ||
|---|---|---|---|
| 001 | BRCA_6522 | ||
| 005 | 20190320205504.0 | ||
| 008 | 280911s1929----gw-#######---#000-0#ger-# | ||
| 041 | _ager | ||
| 044 | _agw | ||
| 050 | 4 |
_aD522 _b.L84 1929 |
|
| 100 | 1 |
_aLudwig, Emil _d1881-1948 _915431 |
|
| 245 | 1 | 0 |
_aJuli 14 _cEmil Ludwig. |
| 260 |
_aBerlín _bErnst Rowohtl _c1929 |
||
| 300 |
_a246 p. _c19 cm. |
||
| 500 | _aIncluye índice alfabético | ||
| 500 | _aL60 | ||
| 650 | 1 | 4 |
_aGuerra Europea _y1914-1918 _914945 |
| 902 | _aGFM | ||
| 942 |
_2lcc _cB |
||
| 999 |
_c6206 _d6206 |
||